000 00485nam a22001577a 4500
005 20251108164056.0
008 250721s1986 xx 000 0 ara d
082 1 4 _a216,9/اسم
100 1 _aإسماعيل، يحيى
245 1 0 _aمنهج السنة في العلاقة بين الحاكم و المحكوم /
264 1 _aالمنصورة :
_bدار الوفاء،
_c1986.
300 _a471ص
650 1 7 _aالأحكام السلطانية
942 _2ddc
_cBK
999 _c2979
_d2979